000 00592nam a22001817a 4500
005 20251108165259.0
008 250721s1982 xx 000 0 ara d
082 1 4 _a956.94/كما
100 1 _aالخالدي، كمال
245 1 0 _aالأرض في الفكر الإجتماعي الصهيوني 1948 - 1973 /
264 1 _aدمشق :
_bالإتحاد العام للكتاب و الصحفيين الفلسطينين،
_c1982.
300 _a210ص
650 1 7 _aالصهيونية
650 1 7 _aاليهود
650 1 7 _aتاريخ فلسطين
942 _2ddc
_cBK
999 _c24010
_d24010